|
|
|
|
| LEADER |
02551nam a2200649 4500 |
| 001 |
ocn809456968 |
| 003 |
OCoLC |
| 005 |
20170124071718.2 |
| 006 |
m o d |
| 007 |
cr un||||||||| |
| 008 |
120907s2013 enk ob 001 0 eng |
| 010 |
|
|
|a 2012036602
|
| 040 |
|
|
|a DLC
|b eng
|e pn
|c DLC
|d YDX
|d DG1
|d N$T
|d YDXCP
|d CDX
|d UBY
|d NOC
|d UKMGB
|d STF
|d OCLCQ
|d OCLCO
|d EBLCP
|d OCLCF
|d OCLCO
|d OCLCQ
|d GrThAP
|
| 016 |
7 |
|
|a 016156410
|2 Uk
|
| 020 |
|
|
|a 9781118326008
|q (ePub)
|
| 020 |
|
|
|a 1118326008
|q (ePub)
|
| 020 |
|
|
|a 9781118325995
|q (MobiPocket)
|
| 020 |
|
|
|a 1118325990
|q (MobiPocket)
|
| 020 |
|
|
|a 9781118326015
|q (Adobe PDF)
|
| 020 |
|
|
|a 1118326016
|q (Adobe PDF)
|
| 020 |
|
|
|a 9781118325988
|q (electronic bk.)
|
| 020 |
|
|
|a 1118325982
|q (electronic bk.)
|
| 020 |
|
|
|z 9781444333275
|q (cloth ;
|q alk. paper)
|
| 029 |
1 |
|
|a NLGGC
|b 356754839
|
| 029 |
1 |
|
|a NZ1
|b 15340352
|
| 029 |
1 |
|
|a GBVCP
|b 790199564
|
| 035 |
|
|
|a (OCoLC)809456968
|
| 042 |
|
|
|a pcc
|
| 050 |
0 |
0 |
|a PN41
|
| 072 |
|
7 |
|a LIT
|x 000000
|2 bisacsh
|
| 082 |
0 |
0 |
|a 803
|2 23
|
| 049 |
|
|
|a MAIN
|
| 100 |
1 |
|
|a Cuddon, J. A.
|q (John Anthony),
|d 1928-1996.
|
| 245 |
1 |
2 |
|a A dictionary of literary terms and literary theory
|h [electronic resource] /
|c J.A. Cuddon.
|
| 250 |
|
|
|a 5th ed.
|
| 264 |
|
1 |
|a Chichester, West Sussex, UK :
|b Wiley-Blackwell, A John Wiley & Sons, Ltd., Publication,
|c 2013.
|
| 300 |
|
|
|a 1 online resource.
|
| 336 |
|
|
|a text
|b txt
|2 rdacontent
|
| 337 |
|
|
|a computer
|b c
|2 rdamedia
|
| 338 |
|
|
|a online resource
|b cr
|2 rdacarrier
|
| 504 |
|
|
|a Includes bibliographical references and index.
|
| 588 |
0 |
|
|a Print version record and CIP data provided by publisher.
|
| 650 |
|
0 |
|a Criticism
|v Terminology.
|
| 650 |
|
0 |
|a Literature
|v Terminology.
|
| 650 |
|
0 |
|a English language
|v Terms and phrases.
|
| 650 |
|
0 |
|a Literary form
|v Terminology.
|
| 650 |
|
7 |
|a LITERARY CRITICISM
|x General.
|2 bisacsh
|
| 650 |
|
7 |
|a Criticism.
|2 fast
|0 (OCoLC)fst00883735
|
| 650 |
|
7 |
|a English language.
|2 fast
|0 (OCoLC)fst00910920
|
| 650 |
|
7 |
|a Literary form.
|2 fast
|0 (OCoLC)fst00999924
|
| 650 |
|
7 |
|a Literature.
|2 fast
|0 (OCoLC)fst00999953
|
| 655 |
|
4 |
|a Electronic books.
|
| 655 |
|
7 |
|a Terminology.
|2 fast
|0 (OCoLC)fst01423880
|
| 655 |
|
7 |
|a Terms and phrases.
|2 fast
|0 (OCoLC)fst01423862
|
| 776 |
0 |
8 |
|i Print version:
|a Cuddon, J.A. (John Anthony), 1928-1996.
|t Dictionary of literary terms and literary theory.
|b 5th ed.
|d Hoboken, N.J. : John Wiley & Sons, 2013
|z 9781444333275
|w (DLC) 2012035085
|
| 856 |
4 |
0 |
|u https://doi.org/10.1002/9781118325988
|z Full Text via HEAL-Link
|
| 994 |
|
|
|a 92
|b DG1
|